Metric handbook : (Record no. 19223)

MARC details
000 -LEADER
fixed length control field 03033cam a2200301 a 4500
001 - CONTROL NUMBER
control field 16999504
003 - CONTROL NUMBER IDENTIFIER
control field EG-ScBUE
005 - DATE AND TIME OF LATEST TRANSACTION
control field 20221109041421.0
008 - FIXED-LENGTH DATA ELEMENTS--GENERAL INFORMATION
fixed length control field 111014s2012 enka f b 001 0 eng d
020 ## - INTERNATIONAL STANDARD BOOK NUMBER
International Standard Book Number 9781856178068 (pbk.)
040 ## - CATALOGING SOURCE
Original cataloging agency DLC
Language of cataloging eng
Description conventions rda
Transcribing agency DLC
Modifying agency DLC
-- EG-ScBUE
082 04 - DEWEY DECIMAL CLASSIFICATION NUMBER
Classification number 721.0222
Edition number 22
Item number MET
245 00 - TITLE STATEMENT
Title Metric handbook :
Remainder of title planning and design data /
Statement of responsibility, etc [edited by] David Littlefield.
250 ## - EDITION STATEMENT
Edition statement Fourth edition.
264 #1 - PUBLICATION, DISTRIBUTION, ETC. (IMPRINT)
Place of publication, distribution, etc Oxon ;
-- New York :
Name of publisher, distributor, etc Routledge,
Date of publication, distribution, etc 2012.
300 ## - PHYSICAL DESCRIPTION
Extent 1 volume (various pagings) :
Other physical details color illustrations ;
Dimensions 30 cm
500 ## - GENERAL NOTE
General note First ed. published in 1979 as: New metric handbook.
504 ## - BIBLIOGRAPHY, ETC. NOTE
Bibliography, etc Includes bibliographical references and index.
505 8# - FORMATTED CONTENTS NOTE
Formatted contents note Machine generated contents note: (PROVISIONAL) Notation; Basic Design Data; Design and Construction Practice and Techniques; Re-use/Refurbishment/Whole Life Costs ; Design Basics: Buildings & Movement; Design Basics: Spaces/Urban Design; Houses and Flats; Student housing; Homes for the elderly; Hotels; Offices; Retail Trading; Factories and Workshops; Industrial Storage; Agricultural Buildings; Eating and Drinking; Sports Facilities: Indoor; Sports Facilities: Outdoor; Leisure and Community Facilities; Schools and Nurseries; Higher Education; Laboratories; Primary Health Care; Hospitals; Payment offices; Public Buildings; Museums and Art Galleries/Visitor Centres; Libraries and Information Centres / Archives; Terminals and Transport Interchanges; Parking; Sound and Vision Studios; Auditoria; Places of Worship; Structure; Materials; Doors/Windows/Stairs; Heating and Ventilation; Light; Sound; Fire; Security; Designing for the Disabled; Access for Maintenance; Service Distribution.
520 ## - SUMMARY, ETC.
Summary, etc "An essential reference resource for any architect or architect student, the Metric Handbook is the major handbook for planning and design data. For each building type, the book gives basic design requirements, principal dimensional data and details of relevant building regulations. The book also contains information on broader aspects of design applicable to all building types, such as materials, acoustics and lighting, and data on human dimensions and space requirements. Significantly updated, the new edition of this work focuses on sustainable design practice to make projects competitive within a green market. As well as a full revision, including additional new building types and the latest updates to regulation and practice, the book features an improved new layout with color images and text to make it easier to find vital information quickly. Metric Handbook is a tried and tested, authoritative reference for solving everyday planning problems - it is a must have for every design office desk and drawing board"--
650 #7 - SUBJECT ADDED ENTRY--TOPICAL TERM
Topical term or geographic name as entry element Building
General subdivision Details
Form subdivision Drawings.
Source of heading or term BUEsh
9 (RLIN) 37733
650 #7 - SUBJECT ADDED ENTRY--TOPICAL TERM
Topical term or geographic name as entry element Metric system.
Source of heading or term BUEsh
9 (RLIN) 13032
651 ## - SUBJECT ADDED ENTRY--GEOGRAPHIC NAME
Source of heading or term BUEsh
653 ## - INDEX TERM--UNCONTROLLED
Resource For college Engineering, Architecture
Arrived date list April2015
655 ## - INDEX TERM--GENRE/FORM
Form subdivision Reading book
9 (RLIN) 34232
700 1# - ADDED ENTRY--PERSONAL NAME
Personal name Littlefield, David,
Relator term editor.
9 (RLIN) 37734
942 ## - ADDED ENTRY ELEMENTS (KOHA)
Source of classification or shelving scheme Dewey Decimal Classification
Call number prefix 721.0222 MET
Koha item type Book - Borrowing
Holdings
Withdrawn status Lost status Source of classification or shelving scheme Damaged status Not for loan Collection code Home library Current library Shelving location Date acquired Source of acquisition Cost, normal purchase price Serial Enumeration / chronology Total Checkouts Total Renewals Full call number Barcode Date last seen Date checked out Cost, replacement price Koha item type
    Dewey Decimal Classification     ايمك Central Library Central Library Second Floor 27/04/2015   510.00 2447 7 51 721.0222 MET 000038079 30/10/2025 16/10/2025 637.50 Book - Borrowing